Podaj prawidłowy kraj graniczący z każdym morzem - Statystyki

Ogólne statystyki
  • Ten quiz został rozwiązany 40 razy
  • Średni wynik to 14 z 17
Statystyki odpowiedzi
Morze Kraj, który z nim graniczy % Poprawnych
Bałtyckie Dania | Estonia | Finlandia | Szwecja | Rosja | Łotwa | Litwa | Polska | Niemcy
100%
Japońskie Japonia | Rosja | Korea Północna | Korea Południowa
97%
Karaibskie Wenezuela | Kolumbia | Panama | Kostaryka | Nikaragua | Honduras | Gwatemala | Belize | Meksyk | Kuba | Jamajka | Haiti | Dominikana | Saint Kitts i Nevis | Antigua i Barbuda | Dominika | Saint Lucia | Saint Vincent i Grenadyny | Grenada | Trynidad i Tobago
97%
Północne Belgia | Dania | Francja | Niemcy | Holandia | Norwegia | Wielka Brytania
95%
Czarne Rumunia | Bułgaria | Turcja | Ukraina | Rosja | Gruzja
95%
Żółte Chiny | Korea Południowa | Korea Północna
89%
Arabskie Indie | Oman | Pakistan | Somalia | Jemen | Iran
89%
Beringa Rosja | Stany Zjednoczone
86%
Egejskie Grecja | Turcja
81%
Adriatyckie Albania | Bośnia i Hercegowina | Chorwacja | Włochy | Czarnogóra | Słowenia
78%
Czerwone Egipt | Dżibuti | Erytrea | Izrael | Jordania | Arabia Saudyjska | Sudan | Jemen
78%
Tasmańskie Australia | Nowa Zelandia
76%
Kaspijskie Azerbejdżan | Iran | Turkmenistan | Kazachstan | Rosja
76%
Martwe Izrael | Jordania
65%
Koralowe Australia | Papua Nowa-Gwinea | Wyspy Salomona | Vanuatu
62%
Lakkadiwskie Indie | Malediwy | Sri Lanka
51%
Andamańskie Indie | Indonezja | Malezja | Mjanma | Tajlandia
43%
Nie znaleziono quizów pasujących do podanych kryteriów
Rozkład punktacji
Procent ludzi z każdym wynikiem
Percentyl według liczby udzielonych odpowiedzi
Twoja historia wyników
Nie rozwiązałeś tego quizu